000
00338nam a22001457a 4500
008
231012b ||||| |||| 00| 0 eng d
020
_a
9780748406456
041
_a
eng
080
_a
521
082
_a
521BOT
100
_a
19
101
_a
ASTRO
245
_a
MODERN COSMOLOGICAL OBSERVATIONS AND PROBLEMS
_c
BOTHUN.G
942
_2
udc
_c
BK
999
_c
60430
_d
60430